Faculty of Law Library — Cairo University

Official Online Catalog

أحكام قانون الإجراءات الجنائية : (Record no. 52772)

MARC details
000 -LEADER
fixed length control field 01938nam a2200337 i 4500
003 - CONTROL NUMBER IDENTIFIER
control field EG-GICUC
005 - DATE AND TIME OF LATEST TRANSACTION
control field 20260121101542.0
008 - FIXED-LENGTH DATA ELEMENTS--GENERAL INFORMATION
fixed length control field 251227s 2000ua ||||fr|||| 00| 0 ara d
017 ## - COPYRIGHT OR LEGAL DEPOSIT NUMBER
Copyright or legal deposit number 1999/18236
020 ## - INTERNATIONAL STANDARD BOOK NUMBER
International Standard Book Number 9773280136
040 ## - CATALOGING SOURCE
Original cataloging agency EG-GICUC
Language of cataloging ara
Transcribing agency EG-GICUC
Modifying agency EG-GICUC
Description conventions rda
041 0# - LANGUAGE CODE
Language code of text/sound track or separate title ara
082 04 - DEWEY DECIMAL CLASSIFICATION NUMBER
Edition number 21
Classification number 343.3
Item number ع د . أ
092 04 - LOCALLY ASSIGNED DEWEY CALL NUMBER (OCLC)
Edition number 21
099 ## - LOCAL FREE-TEXT CALL NUMBER (OCLC)
Classification number Law1 10 343.3 ع د . أ 2000
100 0# - MAIN ENTRY--PERSONAL NAME
Personal name عدلى أمير خالد
Relator term مؤلف.
245 10 - TITLE STATEMENT
Title أحكام قانون الإجراءات الجنائية :
Remainder of title في ضوء التعديلات الجديدة المضافة بالقانون 1998/174والمستحدث من أحكام النقض والمحكمة الدستورية العليا وتعليمات النيابة العامة /
Statement of responsibility, etc. الدكتور عدلى أمير خالد.
264 #1 - PRODUCTION, PUBLICATION, DISTRIBUTION, MANUFACTURE, AND COPYRIGHT NOTICE
Place of production, publication, distribution, manufacture الإسكندرية :
Name of producer, publisher, distributor, manufacturer دار الجامعة الجديدة للنشر،
Date of production, publication, distribution, manufacture, or copyright notice 2000.
300 ## - PHYSICAL DESCRIPTION
Extent 583 ؛ صفحة
Dimensions 24 سم.
336 ## - CONTENT TYPE
Source rda content
Content type term text
337 ## - MEDIA TYPE
Source rda media
Media type term Computer
338 ## - CARRIER TYPE
Source rda carrier
Carrier type term Online Resource
500 ## - GENERAL NOTE
General note ويشتمل على الآتي .<br/><br/>المستحدث في إجراءات الاستدلال وتحقيقات النيابة.<br/><br/>المستحدث في رفع الدعوى الجنائية والحكم فيها.<br/><br/>المستحدث في الإدعاء المباشر والإدعاء بالحقوق المدنية.<br/><br/>المستحدث في الأوامر الجنائية.<br/><br/>المستحدث في ترك وانقضاء الدعوى الجنائية.<br/><br/>المستحدث في طرق الطعن والاستشكال في تنفيذ الأحكام.
504 ## - BIBLIOGRAPHY, ETC. NOTE
Bibliography, etc. note . 569 ببليوجرافيا: صفحات
546 ## - LANGUAGE NOTE
Language note النص باللغة العربية
650 14 - SUBJECT ADDED ENTRY--TOPICAL TERM
Topical term or geographic name entry element قانون الإجراءات الجنائية
650 14 - SUBJECT ADDED ENTRY--TOPICAL TERM
Topical term or geographic name entry element القانون الجنائي
856 40 - ELECTRONIC LOCATION AND ACCESS
Uniform Resource Identifier <a href="https://fll.law.cu.edu.eg/fulltext/bks/B10-05680.pdf">https://fll.law.cu.edu.eg/fulltext/bks/B10-05680.pdf</a>
905 ## - Cataloger and Reviser Names
Cataloger Name: Roqaia Ahmed
942 ## - ADDED ENTRY ELEMENTS (KOHA)
Source of classification or shelving scheme Dewey Decimal Classification
Koha item type Books
Edition 21
Suppress in OPAC No
Holdings
Withdrawn status Lost status Source of classification or shelving scheme Damaged status Not for loan Home library Current library Date acquired Total checkouts Full call number Barcode Date last seen Copy number Price effective from Koha item type Collection
    Dewey Decimal Classification     جــــامعة القــاهرة مكتبة كلية الحقوق - المبنى الرئيسي 28.12.2025   Law1 10 343.3 ع د . أ 2000 1005680 C1 B10-05680 28.12.2025 1 28.12.2025 Books  
    Dewey Decimal Classification     جــــامعة القــاهرة مكتبة كلية الحقوق - المبنى الرئيسي 03.02.2026   Law1 10 343.3 ع د . أ 2000 1003213 C2 B10-03213 03.02.2026 2 03.02.2026 Books القانون الجنائي
    Dewey Decimal Classification     جــــامعة القــاهرة مكتبة كلية الحقوق - فـرع الشيخ زايد 06.02.2026   Law2 10 343.3 ع د . أ 2000 1008887 C3 B10-08887 06.02.2026 3 06.02.2026 Books القانون الجنائي

© All rights reserved — Faculty of Law, Cairo University